000 00926nam a2200205 a 4500
008 120416s1997 ||||||||||||||||| || u
020 _a075062051X
050 _aHD 75.6 Bus
100 _aBansal, Pratima
245 1 0 _aBusiness and the natural environment
_cedited by Pratima Bansal and Elizabeth Howard
260 _aOxford:
_bButterworth-Heinemann
_c1997
300 _ax, 278p. : ill.
350 _a0.00
650 _aENVIRONMENTAL RESPONSIBILITY
650 _aINDUSTRIAL MANAGEMENT--EUROPE--ENVIRONMENTAL ASPECTS
650 0 _aBUSINESS
700 _aHoward, Elizabeth
995 _aMAIN LIBRARY OPEN ACCESS
_D0.00
_e730222
_FCBU-MAIN LIBRARY (Kitwe)
_H1
_I0.00
_jHD 75.6 Bus
_M1
_UAVAILABLE
_WJun 28, 2006
_y027228
_ZMain Library Open Access Collection
995 _aMAIN LIBRARY OPEN ACCESS
_D0.00
_e741130
_FCBU-MAIN LIBRARY (Kitwe)
_H1
_I0.00
_jHD 75.6 BUS
_M3
_UAVAILABLE
_WMar 30, 2010
_y741130
_ZMain Library Open Access Collection
999 _c77867
_d77867